| 000 | 00805nam a2200265Ia 4500 | ||
|---|---|---|---|
| 003 | OSt | ||
| 005 | 20221005025144.0 | ||
| 006 | a|||||r|||| 00| 0 | ||
| 007 | ta | ||
| 008 | 221004b |||||||| |||| 00| 0 eng d | ||
| 024 | _a17381 | ||
| 037 | _cTextual | ||
| 040 |
_aCRL _cCRL _beng |
||
| 041 |
_2eng _aeng |
||
| 082 | _az2p1,N73<-M73, M2 | ||
| 110 |
_aCENTRE FOR ASIAN DOCUMENTATION _9581512 |
||
| 245 | 0 |
_aIndex to the transactions of the International Congress of Orientalists 1873-1973 _b Pt 1 |
|
| 260 |
_aCalcutta _bFirma KLM India _c1982 |
||
| 300 |
_a132p. _ccm. |
||
| 490 | _aIndex Asia series in humanities.10. | ||
| 650 | _aGENERALIA | ||
| 700 |
_aCENTRE FOR ASIAN DOCUMENTATION _9581513 |
||
| 942 |
_hz2p1,N73<-M73, M2 _cTEXL _2cc |
||
| 999 |
_c934216 _d934216 |
||